000 01087cam a2200289Ii 4500
005 20150317133231.0
008 150317s2014 fr ad frb 000 0 fre c
020 _a9782724615906
035 _a(OCoLC)893852346
040 _aCO-BoUCM
_bspa
_cJose A. Gerena
_dJose A. Gerena
041 0 _afre
100 1 _aPagis, Julie
_967989
245 1 0 _aMai 68, un pavé dans leur histoire
_bévénements et socialisation politique
_cJulie Pagis
260 _aParis (Francia)
_bPresses de sciences Po
_c2014
300 _a339 páginas
_bilustraciones, cuadros, gráficas
490 1 _aDomaine Sociétés en mouvement
504 _aIncluye referencias bibliográficas
650 7 _aProblemas sociales
_922324
650 7 _aHuelgas
_zFrancia
_917061
650 7 _aMovimientos estudiantiles
_zFrancia
_919838
650 7 _aCambio social
_zFrancia
_910356
651 4 _aFrancia
_xCondiciones sociales
_967990
651 4 _aFrancia
_xPolítica y gobierno
_935877
690 _942900
_aProblemas sociales
942 _2DEWEY
_a5
_cLIBRO
_e1
_h306.2
_mP136
999 _c298993
_d298993